| 000 | 00646nam a2200229 a 4500 | ||
|---|---|---|---|
| 005 | 20140310183315.0 | ||
| 008 | 051004s19uu xx 00 eng d | ||
| 020 | _a0071115579 | ||
| 050 |
_aP 90 _b.B284 2006 |
||
| 100 | _aBaran, Stanley J. | ||
| 245 |
_aIntroduction to mass communication : _bmedia literacy and culture / _cStanley J. Baran. |
||
| 250 | _a4th ed. | ||
| 260 |
_aBoston : _bMcGraw Hill, _c2006. |
||
| 300 |
_aI-17 523 p. : _bcol. ill. ; _c27 cm |
||
| 521 | _aMC | ||
| 650 | _aMass media. | ||
| 650 | _aMass media and culture. | ||
| 650 | _aMedia literacy. | ||
| 942 |
_cBK _2lcc _kFOR |
||
| 999 |
_c21257 _d21257 |
||